000 00233nam a22000977a 4500
003 OSt
008 210118b ||||| |||| 00| 0 eng d
100 _aAchuthan Namboodiri, Akkitham
_94885
245 _aOru kula munthiringha
942 _cBK
999 _c16653
_d16653